00480nam a2200157 a 450000100100000000500170001000800410002704000250006808200180009310000420011124500520015326000370020530000260024265000200026865000340028800001470320240305100859.0100118s1969 ve 000 f spa d aDO-SdBNPbspacBNPHU aU863.4bM385b1 aMartínez Moreno, Carlos,d1917-198614aLas bebidas azules /cCarlos Martínez Moreno. aCaracas :bMonte Ávila,c1969. a203, [2] p. ;c18 cm. 4aNovela uruguaya 4aLiteraruta uruguayaySIGLO XX